Aj drevo je občas modré

Podrobná bibliografia
Hlavný autor: Tódová, Monika, 1982- (Autor)
Médium: Článok
Jazyk:slovenčina
ISSN:1335-468X
Predmet:

MARC

LEADER 00000nab a2200000 a 4500
001 vtls000751457
003 SK-MaSNL
005 20260304233016.0
008 160314c2001 xo 0 slo
015 |a SNBRB2001/03-09348 
035 |a CLN000103251 
040 |a SNKBUCL  |b slo  |c SNKBUCL  |e AACR2 
041 0 |a slo 
044 |a xo  |c SK 
080 |a 885.4-3  |2 UDC-MRF-SK2 
100 1 |a Tódová, Monika,  |d 1982-  |4 aut  |9 232029 
245 1 0 |a Aj drevo je občas modré  |c Monika Žemlová 
500 |a Ocenenie v súťaži Múza 2000 
650 0 7 |a psychologické prózy, slovenské  |2 snkbucl  |9 54570 
773 0 |x 1335-468X  |t Slovo. Politicko-spoločenský týždenník  |g Roč. 3, č. 3 (2001) 
773 0 |x 1335-468X  |t [Príl.] Slovo mladých  |g Január (2001), s. 3 
850 |a Slovenská národná knižnica v Martine 
852 |a SNK  |b KIS3GCP 
958 |a SK 
958 |a LX 
958 |a RBX 
999 |c 3196751  |d 3198681